| 000 | 00713cam a2200241 a 4500 | ||
|---|---|---|---|
| 001 | 14089574 | ||
| 003 | DO-SdBNP | ||
| 005 | 20210805102840.0 | ||
| 008 | 050811s2004 pr 000 1 spa | ||
| 010 | _a 2005465026 | ||
| 020 | _a0847703002 | ||
| 040 |
_aBPMSU _bspa _cBPMSU |
||
| 082 |
_aPR863.5 _bG216s 2004 _222 |
||
| 100 | 1 | _aGarcía-Passalacqua, Juan M. | |
| 245 | 1 | 3 |
_aLa séptima vida / _cJuan Manuel García Passalacqua. |
| 260 |
_aSan Juan, P.R. : _bEditorial de la Universidad de Puerto Rico, _c2004. |
||
| 300 |
_a179 p. ; _c22 cm. |
||
| 590 | _6Inventariado, 2021/VM | ||
| 650 | 4 | _aNovela puertorriqueña | |
| 650 | 4 | _aLiteratura puertorriquña | |
| 910 | _aVMateo V. | ||
| 942 |
_2ddc _cBK |
||
| 999 |
_c13623 _d13623 |
||